| 000 | 00441nam a2200169Ia 4500 | ||
|---|---|---|---|
| 999 |
_c205 _d205 |
||
| 003 | OSt | ||
| 005 | 20210907102337.0 | ||
| 008 | 190216s9999||||xx |||||||||||||| ||und|| | ||
| 040 | _coclc | ||
| 082 |
_a297.124 _bHAM/B |
||
| 100 |
_aHameed, M K _98791 |
||
| 245 | 0 |
_aBulugul Maram / _cM K Hameed |
|
| 260 | _bHilal Publications, | ||
| 300 | _a94p | ||
| 650 | _aArabic | ||
| 942 |
_cBK _2ddc _h297.124 _iHAM/B _k297.124 _mHAM/B |
||